000 00819nam a2200253 a 4500
003 DO-SdBNP
005 20220322132323.0
007 ta
008 220120e2019 dr ||||er|||| 000 p spa d
020 _a9789945805574
040 _aDO-SdBNP
_bspa
_cBNPHU
082 4 _bH73c
_222
100 1 _937844
_aHolguín-Veras Tabar, Oscar
245 1 0 _aCantos del terral /
_cOscar Holguín-Veras Tabar ; Prólogo Ramón Tejada Read
260 _aSanto Domingo :
_bBúho,
_c2019.
300 _a87 p. ;
_c23 cm.
590 _aInventariado 2022 / MF
650 4 _963346
_aPoesía Dominicana
_xLiteratura Dominicana
650 4 _aLiteratura
_zRepública Dominicana
_980984
650 4 _922775
_aCanciones
_xPoesía
_zRepública Dominicana
700 1 _aTejada Read, Ramón,
_epról.
_980985
910 _aMFéliz
942 _2ddc
_cLBS1
999 _c51204
_d51204